000 00293nam a2200133Ia 4500
008 240624s9999 xx 000 0 und d
041 _aeng
082 _a823 BRO
100 _aBROWN DAN
245 _aINFERNO
260 _c2013
_aNew Delhi
_bRandom House
300 _a528 , p.
365 _cBPS
999 _c28951
_d28951